Table decorations with fruits and vegetables / (Record no. 358052)
[ view plain ]
| 000 -LEADER | |
|---|---|
| fixed length control field | 00627nam a2200229Ia 4500 |
| 008 - FIXED-LENGTH DATA ELEMENTS--GENERAL INFORMATION | |
| fixed length control field | 180620s9999 xx 000 0 und d |
| 020 ## - INTERNATIONAL STANDARD BOOK NUMBER | |
| International Standard Book Number | 978-0-7643-3510-5 |
| 050 ## - LIBRARY OF CONGRESS CALL NUMBER | |
| Classification number | REF TX 740.5 |
| 050 ## - LIBRARY OF CONGRESS CALL NUMBER | |
| Item number | .N48 2010 |
| 100 ## - MAIN ENTRY--PERSONAL NAME | |
| Personal name | Neumayer, Angkana |
| 245 #0 - TITLE STATEMENT | |
| Title | Table decorations with fruits and vegetables / |
| 245 #0 - TITLE STATEMENT | |
| Statement of responsibility, etc | Angkana Neumayer & Alex Neumayer. |
| 260 ## - PUBLICATION, DISTRIBUTION, ETC. (IMPRINT) | |
| Place of publication, distribution, etc | Atglen, PA : |
| 260 ## - PUBLICATION, DISTRIBUTION, ETC. (IMPRINT) | |
| Name of publisher, distributor, etc | Schiffer Publishing, |
| 260 ## - PUBLICATION, DISTRIBUTION, ETC. (IMPRINT) | |
| Date of publication, distribution, etc | 2010 |
| 300 ## - PHYSICAL DESCRIPTION | |
| Extent | 128 pages : |
| 300 ## - PHYSICAL DESCRIPTION | |
| Other physical details | colored illustrations ; |
| 300 ## - PHYSICAL DESCRIPTION | |
| Dimensions | 29 cm. |
| 650 ## - SUBJECT ADDED ENTRY--TOPICAL TERM | |
| Topical term or geographic name as entry element | Garnishes (Cooking). |
| 650 ## - SUBJECT ADDED ENTRY--TOPICAL TERM | |
| Topical term or geographic name as entry element | Vegetable carving. |
| 650 ## - SUBJECT ADDED ENTRY--TOPICAL TERM | |
| General subdivision | Fruit carving. |
| Withdrawn status | Lost status | Damaged status | Home library | Current library | Shelving location | Date acquired | Cost, normal purchase price | Total Checkouts | Full call number | Barcode | Date last seen | Price effective from | Koha item type |
|---|---|---|---|---|---|---|---|---|---|---|---|---|---|
| South Mansfield College | South Mansfield College | Reference Section | 1349.00 | REF TX 740.5 .N48 2010 | SMC05271 | 06/20/2018 | 06/20/2018 |